000 00714nam a2200253 i 4500
001 C2-0257056
003 PPAK
005 20180727224218.0
008 040810s2004 my a|||| ||||| | eng d
020 _a9830233995
040 _aPPAK
_beng
_cPPAK
_erda
082 0 4 _a398.2
_223
090 0 0 _a398.2
_bYUL
_dK
245 0 0 _aIssunobishi and the princess
264 1 _aSeri Kembangan, Selangor :
_bPustaka Cita Tinggi ,
_c2004
300 _a70 pages :
_billustrations ;
_c22 cm
336 _2rdacontent
_atext
337 _2rdamedia
_aunmediated
338 _2rdacarrier
_avolume
490 1 _aAncients tales for today's teen
650 1 0 _aTales
830 0 _aAncients tales for today's teen
942 _ddc
_cB
999 _c69049
_d69049